| 000 | 01038naa a22002897a 4500 | ||
|---|---|---|---|
| 001 | BR8900339 | ||
| 003 | BR-BrBNA | ||
| 005 | 20250721155337.0 | ||
| 007 | ta | ||
| 008 | 250630b bl.|||m| |||| 00| 0 por d | ||
| 040 |
_aBR-BrBNA _bpor _cBiblioteca Nacional de Agricultura |
||
| 041 | _a(Pt) | ||
| 072 |
_aF08 _b0170 |
||
| 090 | _aF08 BR8900339 | ||
| 100 | 1 | _aSilva, A.F. da | |
| 245 | 1 | _aMetodos culturais de sorgo | |
| 246 | 1 | _a[Sorghum cultural methods] | |
| 246 | 1 | _a[Technical recommendations for sorghum cultivation] | |
| 500 | _aRecomendacoes tecnicas para o cultivo do sorgo Sete Lagoas, MG (Brasil): 1988. p. 37-39 (BR8900339-AMS) | ||
| 773 | 0 |
_tRecomendacoes tecnicas para o cultivo do sorgo _wF08 BR8900339 _gSete Lagoas, MG (Brasil), 1988. p. 37-39 |
|
| 650 | _aSORGO | ||
| 650 | _aPRODUCAO VEGETAL | ||
| 650 | _aROTACAO DE CULTURA | ||
| 490 |
_aCircular Tecnica - Centro Nacional de Pesquisa de Milho e Sorgo (Brazil) _vno. 1 _xISSN 0100-8013 |
||
| 942 |
_cAMS _2AGRIS |
||
| 909 |
_a202506 _bLúcia _c55 _dLúcia Elande |
||
| 999 |
_c335990 _d335990 |
||